000 00450nam a22001817a 4500
003 OSt
005 20140310181734.0
008 130319t xxu||||| |||| 00| 0 eng d
050 _aBX1378.5
_b.W893 1995
082 _aBX1378.5
_b.W893 1995
245 _aWorld youth day '95 :
_b program and liturgy guidebook
260 _c1995
300 _a168 p.
_c 22 cm.
521 _aTeachers
541 _j1
562 _e1
942 _2lcc
_cBK-TR
_kTR
999 _c2523
_d2523